000 01656nam a22002297a 4500
999 _c60330
_d60330
003 Ge_BSU
005 20230629144459.0
008 230629b xxu||||| |||| 00| 0 geo d
041 _ageo
080 _a016:94(479.22) ბ-25
100 _aბარკავა, მ.,
_eშემდგენელი
_91426
245 _aნიკოლოზ ბერძენიშვილი (1894-1965) :
_b ბიობიბლიოგრაფია /
_cსაქ. სსრ მეცნ. აკად., ცენტრ. სამეცნ. ბიბ-კა ; [შემდგ.: მ. ბარკავა, ე. დოლიძე ; რედ.: ე. ხოშტარია, ს. ხადური ; ბიბლიოგრ. რედ. თ. ნაკაშიძისა ; ე. ხოშტარია (ბროსეს) წინასიტყვ.].
264 _aთბილისი :
_bმეცნიერება,
_c1981.
300 _a159 გვ. :
_bპორტრ. ;
_c21 სმ.
490 _aქართველი მეცნიერები : ბიობიბლიოგრაფიული სერია / მთ. სარედ. კოლ.: შ. ძიძიგური და სხვ.
653 _aსაქართველოს ისტორია -- ბიბლიოგრაფია
653 _aბიობიბლიოგრაფია
653 _aბერძენიშვილი, ნიკოლოზ.
700 _aდოლიძე, ე.
_eშემდგენელი
_91427
700 _aხოშტარია, ე.
_eრედაქტორი.
_918016
942 _2udc
_cBK